| 000 | 00652nam a22001937a 4500 | ||
|---|---|---|---|
| 003 | OSt | ||
| 005 | 20131112110213.0 | ||
| 008 | 130611s1997 x ||||| |||| 00| 0 eng d | ||
| 020 | _a1572302070 | ||
| 040 | _cCDMR | ||
| 245 |
_aCase studies in organizational communication 2 _b: perspectives on contemporary work life _cedited by Beverly Davenport Sypher |
||
| 260 |
_aNew York _bGuilford _c1997 |
||
| 300 | _a403 p. | ||
| 490 | 0 | _aThe Guilford communication series | |
| 650 | 0 | 4 |
_92798 _aComunicació en l'empresa |
| 650 | 0 | 4 |
_94332 _aMitjans de comunicació de massa _xEstudi de casos |
| 700 | 1 |
_93738 _aSypher, Beverly Davenport _eed. |
|
| 942 |
_2udc _cMON |
||
| 999 |
_c6438 _d6438 |
||